|
|
|
|
| LEADER |
00000nas a2200000 a 4500 |
| 001 |
ssj0009797 |
| 003 |
WaSeSS |
| 005 |
20200512172242.0 |
| 006 |
m d |
| 007 |
cr n |
| 008 |
990823c19969999ne bx pss 0 a0eng c |
| 010 |
|
|
|a 2010233200
|
| 015 |
|
|
|a GBA867626
|2 bnb
|
| 016 |
7 |
|
|a 012921030
|2 Uk
|
| 022 |
|
|
|a 1740-3898
|l 1384-5748
|y 1384-5748
|
| 035 |
|
|
|a (WaSeSS)ssj0009797
|
| 037 |
|
|
|b Kluwer Academic Publishers, Spuiboulevard 50, P.O. Box 17, 3300 AA Dordrecht, The Netherlands
|
| 040 |
|
|
|a F#A
|b eng
|c F#A
|d OCLCQ
|d MUQ
|d OCLCQ
|d OCLCS
|d IUL
|d OCLCQ
|d GUA
|d OCLCQ
|d OCLCO
|d OCLCQ
|d OCLCF
|d OCLCO
|d OCLCQ
|d DLC
|d AU@
|d UKMGB
|d VT2
|d WaSeSS
|
| 042 |
|
|
|a pcc
|
| 050 |
0 |
0 |
|a D31
|
| 082 |
0 |
4 |
|a 327
|
| 130 |
0 |
|
|a International politics (Hague, Netherlands : Online)
|
| 222 |
|
0 |
|a International politics
|b (Online)
|
| 245 |
1 |
0 |
|a International politics
|h [electronic resource].
|
| 246 |
1 |
3 |
|a IP
|
| 260 |
|
|
|a [Dordrecht] :
|b Kluwer Academic Publishers
|
| 310 |
|
|
|a Six times a year,
|b 2007-
|
| 321 |
|
|
|a Quarterly,
|b 1996-2005
|
| 321 |
|
|
|a Five times a year,
|b 2006
|
| 362 |
1 |
|
|a Print began with vol. 33, no. 1 (Mar. 1996).
|
| 500 |
|
|
|a Published: Basingstoke, Hampshire : Palgrave Macmillan, <Dec. 2005->
|
| 506 |
|
|
|a License restrictions may limit access.
|
| 538 |
|
|
|a Mode of access: World Wide Web.
|
| 588 |
|
|
|a Description based on: Vol. 43, no. 1 (Feb. 2006); title from journal information screen (Palgrave Macmillan, viewed Apr. 27, 2010).
|
| 588 |
|
|
|a Latest issue consulted: Vol. 55, issue 3-4 (May 2018) (SpringerLink website, viewed July 6, 2018).
|
| 648 |
|
7 |
|a Since 1989
|2 fast
|
| 650 |
|
0 |
|a World politics
|y 1989-
|v Periodicals.
|
| 650 |
|
6 |
|a Politique mondiale
|y 1989-
|v Périodiques.
|
| 650 |
|
7 |
|a World politics.
|2 fast
|0 (OCoLC)fst01181381
|
| 655 |
|
0 |
|a Electronic journals.
|
| 776 |
0 |
8 |
|i Print version:
|t International politics (Hague, Netherlands)
|x 1384-5748
|w (DLC) 96644825
|w (OCoLC)35225202
|
| 780 |
0 |
0 |
|t Co-existence (Pickering, Ontario : Online)
|
| 850 |
|
|
|a DLC
|
| 856 |
4 |
0 |
|z Full text available from Research Library: 09/01/2000 to 1 year ago
|u https://search.proquest.com/publication/36410
|